Hunterxhunter prédiction de Kuroro - Statistiques

Statistiques générales
  • Ce quiz a été pris 176 fois
  • Le résultat moyen est 19 sur 73
Statistiques - réponses
Mots de la prédiction de Kuroro (0) % Correct
Le
73%
Le
73%
à
61%
de
61%
de
61%
de
61%
de
61%
de
61%
novembre
60%
la
58%
la
58%
les
50%
les
50%
Les
50%
un
50%
page
42%
une
42%
sa
34%
et
32%
précieux
31%
avec
28%
y
28%
qui
27%
écarlate
25%
Tu
24%
Tu
24%
calendrier
23%
mois
23%
ses
23%
ta
23%
funérailles
22%
sang
22%
vers
22%
célébreront
21%
emportant
20%
mélodie
20%
quiétude
20%
hauteurs
19%
moitié
19%
perdra
19%
pétales
19%
jouera
18%
membres
18%
restants
18%
Va
18%
l'est
17%
Mais
16%
teinté
16%
chrysanthèmes
15%
regard
14%
sous
14%
quelqu'un
13%
suprématie
13%
compagnons
12%
leurs
12%
t'attend
12%
tes
12%
perdront
11%
cortège
10%
faneront
10%
trouveras
10%
funèbre
9%
nouveaux
9%
certainement
8%
demeurera
7%
glorieusement
7%
chercher
6%
malgré
6%
perte
6%
alors
5%
l'interlude
5%
pourras
5%
Profite
5%
Aucun quiz correspondant
Distribution des résultats
% des personnes avec chaque résultat
Percentile par nombre de réponses
Votre historique - résultats
Vous n’avez pas pris ce quiz